Podnikateľské prostredie v krajinách V4 bakalárska práca

Uložené v:
Podrobná bibliografia
Hlavný autor: Novodomec, Šimon
Korporativný autor: Národohospodárska fakulta EU. Katedra financií
Ďalší autori: Jančovičová Bognárová, Kristína, 1979-
Médium: Kniha
Jazyk:Slovak
Vydavateľské údaje: Bratislava 2019
Tagy: Pridať tag
Žiadne tagy, Buďte prvý, kto otaguje tento záznam!

MARC

LEADER 00000nbm a2200000 4500
001 0256613
005 20191030130647.1
041 0 |a slo 
044 |a SK 
245 1 0 |a Podnikateľské prostredie v krajinách V4  |b bakalárska práca  |c Šimon Novodomec ; školiteľ: Kristína Jančovičová Bognárová 
264 1 |a Bratislava  |c 2019 
300 |a 56 s. 
100 1 |a Novodomec, Šimon 
700 1 |a Jančovičová Bognárová, Kristína, 1979- 
710 2 |a Národohospodárska fakulta EU. Katedra financií